00160nam a2200073Ia 4500082001600000245001700016100001200033008004100045 aZUL KF ZOND 0aWash' umlilo aZondi N210817s9999 xx 000 0 und d